000
00234 a2200109 4500
001
51296
040
_c
Anchieta - Pituba
240
1
0
_a
Gincana 2016
_l
245
1
0
_a
Gincana 2016
650
4
_a
LĂnguas espanhola e portuguesa
942
_c
MX
999
_c
51296
_d
51296